FIFA World Cup Winning Squads 1930-2022 - Statistics

General Stats
  • This quiz has been taken 257 times
  • The average score is 145 of 493
Answer Stats
# Hint Answer % Correct
10 LM Lionel Messi
96%
23 EM Emiliano Martínez
94%
22 LM Lautaro Martínez
94%
25 LM Lisandro Martínez
94%
20 JM Javi Martínez
93%
WM William Martínez
92%
13 GM Gerd Müller
91%
1 HL Hugo Lloris
91%
1 IC Iker Casillas
91%
10 KM Kylian Mbappé
91%
1 MN Manuel Neuer
91%
20 R Ronaldo
91%
9 R Ronaldo
91%
13 TM Thomas Müller
91%
8 X Xavi
91%
19 M Müller
90%
7 AG Antoine Griezmann
89%
6 AI Andrés Iniesta
88%
11 ADM Ángel Di María
87%
9 FT Fernando Torres
87%
10 ZZ Zinedine Zidane
87%
1 GB Gianluigi Buffon
85%
7 DV David Villa
84%
3 MR Mauro Ramos
84%
16 MR Mauro Ramos
84%
22 RV Ricardo Villa
84%
11 R Ronaldinho
84%
15 SR Sergio Ramos
84%
5 CP Carles Puyol
83%
9 JA Julián Álvarez
83%
6 PP Paul Pogba
83%
16 PL Philipp Lahm
83%
2 BP Benjamin Pavard
81%
11 MK Miroslav Klose
81%
9 OG Olivier Giroud
81%
6 RC Roberto Carlos
81%
7 RDP Rodrigo De Paul
81%
24 EF Enzo Fernández
80%
3 GP Gerard Piqué
80%
14 XA Xabi Alonso
80%
14 C Cafu
79%
2 C Cafu
79%
5 SU Samuel Umtiti
79%
13 NK N'Golo Kanté
78%
4 RV Raphaël Varane
78%
10 R Rivaldo
78%
16 SB Sergio Busquets
78%
10 DM Diego Maradona
77%
5 FC Fabio Cannavaro
77%
LF Lorenzo Fernández
77%
21 LH Lucas Hernandez
77%
19 NO Nicolás Otamendi
77%
1 NA Norberto Alonso
77%
12 TH Thierry Henry
77%
10 P Pelé
76%
10 P Pelé
76%
10 P Pelé
76%
19 MG Mario Götze
75%
7 ADP Alessandro Del Piero
74%
21 AP Andrea Pirlo
74%
7 BS Bastian Schweinsteiger
74%
5 MH Mats Hummels
74%
8 MO Mesut Özil
74%
20 AMA Alexis Mac Allister
73%
8 GS Gilberto Silva
73%
20 JB Jérôme Boateng
73%
18 P Pedro
73%
7 DD Didier Deschamps
72%
12 VV Víctor Valdes
72%
4 DDR Daniele De Rossi
71%
10 FT Francesco Totti
71%
5 MS Mauro Silva
71%
21 DS David Silva
70%
11 OD Ousmane Dembélé
70%
3 PK Presnel Kimpembe
70%
18 TK Toni Kroos
70%
14 BM Blaise Matuidi
69%
10 CF Cesc Fàbregas
69%
23 K Kaká
69%
6 SK Sami Khedira
69%
13 CR Cristian Romero
68%
21 PD Paulo Dybala
68%
11 R Romário
68%
CR Carlos Romero
67%
16 FB Fabien Barthez
67%
5 FB Franz Beckenbauer
64%
13 AN Alessandro Nesta
63%
9 AS André Schürrle
63%
21 D Dida
63%
12 D Dida
63%
8 GG Gennaro Gattuso
62%
15 LT Lilian Thuram
62%
LM Luis Monti
62%
10 LP Lukas Podolski
62%
3 NT Nicolás Tagliafico
62%
5 LB Laurent Blanc
61%
10 LM Lothar Matthäus
61%
8 MA Marcos Acuña
61%
19 GZ Gianluca Zambrotta
60%
8 MD Marcel Desailly
60%
26 NM Nahuel Molina
60%
17 PG Papu Gómez
60%
4 PV Patrick Vieira
60%
9 BC Bobby Charlton
59%
5 JC Jack Charlton
59%
5 LP Leandro Paredes
59%
23 MM Marco Materazzi
59%
20 PR Paolo Rossi
59%
18 FI Filippo Inzaghi
58%
9 LT Luca Toni
58%
4 BH Benedikt Höwedes
56%
6 BM Bobby Moore
56%
17 EP Emmanuel Petit
56%
4 GM Gonzalo Montiel
56%
2 RA Raúl Albiol
55%
16 SM Steve Mandanda
55%
23 AA Alphonse Areola
54%
7 G Garrincha
54%
11 G Garrincha
54%
20 DT David Trezeguet
53%
3 L Lúcio
53%
17 AA Álvaro Arbeloa
52%
22 BM Benjamin Mendy
51%
22 JN Jesús Navas
51%
11 JC Joan Capdevila
51%
17 AR Adil Rami
50%
12 CT Corentin Tolisso
50%
1 DZ Dino Zoff
50%
3 BL Bixente Lizarazu
49%
3 FG Fabio Grosso
49%
1 FA Franco Armani
49%
13 JM Juan Mata
49%
10 MK Mario Kempes
49%
23 PR Pepe Reina
49%
8 D Dunga
48%
18 JK Jürgen Klinsmann
48%
8 KM Karl Mai
48%
11 RP Robert Pires
48%
18 NF Nabil Fekir
47%
17 PM Per Mertesacker
47%
20 FT Florian Thauvin
46%
9 RV Rudi Völler
46%
7 B Bebeto
45%
6 YD Youri Djorkaeff
45%
23 CK Christoph Kramer
44%
1 CT Cláudio Taffarel
44%
18 GR Guido Rodríguez
44%
2 JF Juan Foyth
44%
16 MC Mauro Camoranesi
44%
15 SN Steven Nzonzi
44%
12 GR Gerónimo Rulli
42%
7 J Jairzinho
42%
8 TL Thomas Lemar
42%
14 JD Julian Draxler
41%
1 GB Gordon Banks
39%
16 J Júnior
39%
3 AB Andreas Brehme
38%
4 CA Carlos Alberto
38%
22 RW Roman Weidenfeller
38%
19 FL Fernando Llorente
37%
2 FB Franco Baresi
37%
3 MG Matthias Ginter
37%
11 AG Alberto Gilardino
36%
19 DS Djibril Sidibé
36%
6 GP Germán Pezzella
36%
2 DJ Djalma Santos
35%
4 DS Djalma Santos
35%
15 MS Márcio Santos
35%
6 NS Nílton Santos
35%
12 NS Nílton Santos
35%
1 SM Sepp Maier
35%
6 AB Andrea Barzagli
34%
15 AC Ángel Correa
34%
6 DP Daniel Passarella
34%
19 DP Daniel Passarella
34%
21 SM Shkodran Mustafi
34%
19 V Vavá
34%
20 V Vavá
34%
15 VI Vincenzo Iaquinta
34%
5 E Edmílson
33%
19 CK Christian Karembeu
32%
14 EP Exequiel Palacios
32%
10 GH Geoff Hurst
32%
GM Giuseppe Meazza
32%
GM Giuseppe Meazza
32%
8 D Didi
31%
6 D Didi
31%
1 M Marcos
31%
11 R Rivellino
31%
4 RJ Roque Júnior
31%
9 SG Stéphane Guivarc'h
31%
2 KG Kevin Großkreutz
30%
12 RRZ Ron-Robert Zieler
30%
20 SP Simone Perrotta
30%
15 K Kléberson
29%
13 R Roberto
29%
22 MO Massimo Oddo
28%
16 TA Thiago Almada
28%
21 MZ Mário Zagallo
27%
7 MZ Mário Zagallo
27%
1 BL Bernard Lama
26%
18 FL Frank Leboeuf
26%
4 JK Jürgen Kohler
26%
12 AP Angelo Peruzzi
25%
17 D Denílson
25%
18 JdC Jair da Costa
25%
7 JB Jorge Burruchaga
25%
3 PB Paul Breitner
25%
7 AB Alan Ball
24%
21 CD Christophe Dugarry
24%
15 ED Erik Durm
24%
9 T Tostão
24%
22 L Leão
23%
2 VC Vincent Candela
23%
13 A Aldair
22%
2 BV Berti Vogts
22%
1 BI Bodo Illgner
22%
2 CZ Cristian Zaccardo
22%
8 JP Julio Pérez
22%
3 GB Giuseppe Bergomi
21%
7 PL Pierre Littbarski
21%
14 UH Uli Hoeneß
21%
7 GS Gaetano Scirea
20%
8 G Gérson
20%
12 HR Helmut Rahn
20%
11 JV Jorge Valdano
20%
14 MA Marco Amelia
20%
10 R Raí
20%
22 RC Rogério Ceni
20%
6 B Branco
19%
16 BC Bruno Conti
19%
6 CG Claudio Gentile
19%
5 JLB José Luis Brown
19%
4 JCG Juan Carlos González
19%
14 MT Marco Tardelli
19%
2 MG Matías González
19%
9 Z Zinho
19%
18 AA Alessandro Altobelli
18%
13 JB Juliano Belletti
18%
5 UF Ubaldo Fillol
18%
21 ZM Zé Maria
18%
17 AM Andreas Möller
17%
4 AC Antonio Cabrini
17%
8 JG Jimmy Greaves
17%
10 JAS Juan Alberto Schiaffino
17%
5 KA Klaus Augenthaler
17%
17 M Mazinho
17%
11 P Pepe
17%
22 P Pepe
17%
17 SB Simone Barone
17%
18 V Vampeta
17%
14 AB Alain Boghossian
16%
16 FW Fritz Walter
16%
2 J Jorginho
16%
13 KHR Karl-Heinz Riedle
16%
16 L Leonardo
16%
2 OA Osvaldo Ardiles
16%
15 OW Ottmar Walter
16%
7 R Ricardinho
16%
21 RH Roger Hunt
16%
7 AG Alcides Ghiggia
15%
22 AK Andreas Köpke
15%
13 BD Bernard Diomède
15%
6 GB Guido Buchwald
15%
19 JP Juninho Paulista
15%
8 TH Thomas Häßler
15%
12 WO Wolfgang Overath
15%
4 Z Zito
15%
19 Z Zito
15%
21 L Luizão
14%
4 NS Nobby Stiles
14%
SP Silvio Piola
14%
1 G Gilmar
13%
3 G Gilmar
13%
11 JH Jupp Heynckes
13%
9 JG Jürgen Grabowski
13%
5 OV Obdulio Varela
13%
19 OR Oscar Ruggeri
13%
2 SR Stefan Reuter
13%
5 C Clodoaldo
12%
20 E Edílson
12%
19 FG Francesco Graziani
12%
10 GN Günter Netzer
12%
14 LL Leopoldo Luque
12%
18 NP Nery Pumpido
12%
3 RW Ray Wilson
12%
2 SB Sergio Batista
12%
14 TB Thomas Berthold
12%
4 DB Daniel Bertoni
11%
19 E Edu
11%
5 FC Fulvio Collovati
11%
13 GO Gabriele Oriali
11%
4 HGS Hans-Georg Schwarzenbeck
11%
22 LC Lionel Charbonnier
11%
20 OT Olaf Thon
11%
18 PS Paulo Sérgio
11%
8 PV Pietro Vierchowod
11%
SB Sergio Bertoni
11%
14 AP Ânderson Polga
10%
2 GC George Cohen
10%
9 GA Giancarlo Antognoni
10%
JLA José Leandro Andrade
10%
16 MP Martin Peters
10%
RO Raimundo Orsi
10%
3 RR Ricardo Rocha
10%
6 VRA Víctor Rodríguez Andrade
10%
20 A Amarildo
9%
17 BH Bernd Hölzenbein
9%
17 DM Daniele Massaro
9%
1 F Félix
9%
GF Giovanni Ferrari
9%
GF Giovanni Ferrari
9%
12 HE Héctor Enrique
9%
13 HB Hilderaldo Bellini
9%
2 HB Hilderaldo Bellini
9%
JN José Nasazzi
9%
16 JO Julio Olarticoechea
9%
13 MM Max Morlock
9%
PC Pedro Cea
9%
16 RB Rainer Bonhof
9%
4 R Ronaldão
9%
20 AT Alberto Tarantini
8%
6 AG Américo Gallego
8%
AS Angelo Schiavio
8%
2 B Brito
8%
16 E Everaldo
8%
9 JLC José Luis Cuciuffo
8%
9 RH René Houseman
8%
14 RG Ricardo Giusti
8%
1 RM Roque Máspoli
8%
15 UB Uwe Bein
8%
12 Z Zetti
8%
5 Z Zózimo
8%
9 Z Zózimo
8%
AF Attilio Ferraris
7%
15 FC Franco Causio
7%
GC Gianpiero Combi
7%
22 GG Giovanni Galli
7%
18 JA José Altafini
7%
7 LG Luis Galván
7%
16 OO Oscar Ortiz
7%
3 P Piazza
7%
PF Pietro Ferraris
7%
8 RG Rubén Galván
7%
1 TT Toni Turek
7%
21 V Viola
7%
9 C Coutinho
6%
15 F Fontana
6%
11 FM Frank Mill
6%
10 GD Giuseppe Dossena
6%
20 HS Hans Schäfer
6%
HC Héctor Castro
6%
20 IC Ian Callaghan
6%
6 MA Marco Antônio
6%
4 CM Carlos Merchena
5%
11 DK Daniel Killer
5%
21 FS Franco Selvaggi
5%
11 GM Giampiero Marini
5%
GC Gino Colaussi
5%
HS Héctor Scarone
5%
15 HF Heinz Flohe
5%
7 HW Herbert Wimmer
5%
6 HDH Horst-Dieter Höttges
5%
6 HE Horst Eckel
5%
12 IB Ivano Bordon
5%
14 JA Jimmy Armfield
5%
15 JO Jorge Olguin
5%
21 JDV José Daniel Valencia
5%
15 LI Luis Islas
5%
13 PB Peter Bonetti
5%
PR Pietro Rava
5%
12 RA Raimond Aumann
5%
3 RB Ricardo Bochini
5%
17 RH Richard Herrmann
5%
17 RF Ron Flowers
5%
AF Alfredo Foni
4%
8 BC Bernhard Cullmann
4%
4 CB Claudio Borghi
4%
14 DS De Sordi
4%
EG Enrique Guaita
4%
22 GE George Eastham
4%
22 GR Gilmar Rinaldi
4%
21 GH Günter Hermann
4%
4 HB Hans Bauer
4%
7 JP Josef Posipal
4%
19 JK Jupp Kapellmann
4%
18 NH Norman Hunter
4%
15 O Orlando
4%
9 OM Oscar Míguez
4%
17 PP Pedro Pasculli
4%
1 SA Sergio Almirón
4%
UL Ugo Locatelli
4%
UC Umberto Caligaris
4%
3 WK Werner Kohlmeyer
4%
12 A Ado
3%
AO Aldo Olivieri
3%
15 A Altair
3%
1 AP Aníbal Paz
3%
20 CT Carlos Tapia
3%
22 C Castilho
3%
1 C Castilho
3%
20 D Dario
3%
5 DS Dino Sani
3%
EM Eraldo Monzeglio
3%
EM Eraldo Monzeglio
3%
11 EV Ernesto Vidal
3%
FB Felice Borel
3%
19 HP Hans Pflüger
3%
3 HB Héctor Baley
3%
22 HZ Héctor Zelada
3%
20 HK Helmut Kremers
3%
17 JAM Joel Antônio Martins
3%
11 JC John Connelly
3%
LA Luigi Allemandi
3%
8 NC Néstor Clausen
3%
21 NN Norbert Nigbur
3%
13 OG Oscar Garré
3%
18 PC Paulo Cézar
3%
16 PS Paul Steiner
3%
PP Pedro Petrone
3%
13 RLV Ricardo La Volpe
3%
12 RS Ron Springett
3%
11 RM Rubén Morán
3%
4 SG Schubert Gambetta
3%
19 TP Terry Paine
3%
10 WL Werner Liebrich
3%
19 AP Alfred Pfaff
2%
AB Amedeo Biavati
2%
AD Attilio Demaria
2%
14 B Baldocchi
2%
14 BK Bernhard Klodt
2%
CC Carlo Ceresoli
2%
18 DH Dieter Herzog
2%
DT Domingo Tejera
2%
EB Enrique Ballesteros
2%
EM Ernesto Mascheroni
2%
3 ET Eusebio Tejera
2%
15 GB Gerry Byrne
2%
HV Héctor Vilches
2%
22 HK Heinz Kwiatkowski
2%
5 HE Herbert Erhardt
2%
12 JM Jair Marinho
2%
17 JC Joel Camargo
2%
21 MT Marcelo Trobbiani
2%
MV Mario Varglien
2%
17 M Mengálvio
2%
MA Michele Andreolo
2%
17 MO Miguel Oviedo
2%
12 OL Omar Larrosa
2%
8 O Oreco
2%
PD Pablo Dorado
2%
PA Peregrino Anselmo
2%
PS Pietro Serantoni
2%
18 RP Rubén Pagnanini
2%
SI Santos Iriarte
2%
VR Virginio Rosetta
2%
22 WK Wolfgang Kleff
2%
AD Aldo Donati
1%
AG Álvaro Gestido
1%
AG Anfilogino Guarisi
1%
AM Ángel Melogno
1%
AC Armando Castellazzi
1%
BC Bruno Chizzo
1%
CR Carlos Riolfo
1%
CP Conduelo Píriz
1%
ER Emilio Recoba
1%
2 FL Fritz Laband
1%
GC Giuseppe Cavanna
1%
GM Guido Masetti
1%
GM Guido Masetti
1%
21 HK Heinz Kubsch
1%
JB Juan Burgueño
1%
JCC Juan Carlos Calvo
1%
JCB Julio César Britos
1%
14 J Jurandir
1%
11 KHM Karl-Heinz Metzner
1%
LB Luigi Bertolini
1%
LJ Luis Rijo
1%
MG Mario Genta
1%
MP Mario Perazzolo
1%
MP Mario Pizziolo
1%
MC Miguel Capuccini
1%
13 M Moacir
1%
9 PM Paul Mebus
1%
PP Piero Pasinati
1%
PA Pietro Arcari
1%
RO Renato Olmi
1%
RP Rodolfo Pini
1%
SU Santos Urdinarán
1%
18 UB Ulrich Biesinger
1%
WO Washington Ortuño
1%
16 Z Zequinha
1%
ZS Zoilo Saldombide
1%
No matching quizzes found
Score Distribution
Percent of People with Each Score
Percentile by Number Answered
Your Score History
You have not taken this quiz